000 00441nam a22001817a 4500
003 MPLRDC
005 20220104124411.0
008 210129b ||||| |||| 00| 0 eng d
082 _a859.3 XBET v.1
100 _a不详
245 _a中国童话故事. 上
_c
250 _a再版
260 _a
_b辅新书局
_c1991
300 _b
490 _a新编儿童益智丛书;1
650 _a童话; 神话
942 _cBK
_o859.3 XBET v.1
999 _c19035
_d19025